ARRUPE JESUIT UNIVERSITY

CORONAVIRUS -STOP THE SPREAD - CLEAN,DISINFECT,COVER

Tibetan paintings : (Record no. 123667)

MARC details
000 -LEADER
fixed length control field 01070cam a2200349 a 4500
001 - CONTROL NUMBER
control field 359766
003 - CONTROL NUMBER IDENTIFIER
control field ARRUPE
005 - DATE AND TIME OF LATEST TRANSACTION
control field 20151028153034.0
008 - FIXED-LENGTH DATA ELEMENTS--GENERAL INFORMATION
fixed length control field 850124s1984 sz a b 001 0 eng
010 ## - LIBRARY OF CONGRESS CONTROL NUMBER
LC control number 84051458
020 ## - INTERNATIONAL STANDARD BOOK NUMBER
International Standard Book Number 0856671894
035 ## - SYSTEM CONTROL NUMBER
System control number (OCoLC)11611013
035 ## - SYSTEM CONTROL NUMBER
System control number (OCoLC)ocm11611013
035 ## - SYSTEM CONTROL NUMBER
System control number (CStRLIN)NYCG85-B6262
035 ## - SYSTEM CONTROL NUMBER
System control number (NNC)359766
040 ## - CATALOGING SOURCE
Modifying agency NNC
Transcribing agency DLC
043 ## - GEOGRAPHIC AREA CODE
Geographic area code a-cc-ti
050 0# - LIBRARY OF CONGRESS CALL NUMBER
Classification number L ND1432.C584
Item number P3
082 0# - DEWEY DECIMAL CLASSIFICATION NUMBER
Classification number 755/.943923/09515
Edition number 19
090 ## - LOCALLY ASSIGNED LC-TYPE CALL NUMBER (OCLC); LOCAL CALL NUMBER (OCLC)
Classification number (OCLC) (R) ; Classification number, CALL (RLIN) (NR) ND1432.C584
Local cutter number (OCLC) ; Book number/undivided call number, CALL (RLIN) P3 1984
300 ## - PHYSICAL DESCRIPTION
Other physical details ill. (some col.) ;
Dimensions 29 cm.
100 1# - MAIN ENTRY--PERSONAL NAME
Personal name Pal, Pratapaditya.
9 (RLIN) 20695
245 10 - TITLE STATEMENT
Title Tibetan paintings :
Remainder of title a study of Tibetan thankas, eleventh to nineteenth centuries /
Statement of responsibility, etc Pratapaditya Pal.
260 ## - PUBLICATION, DISTRIBUTION, ETC. (IMPRINT)
Name of publisher, distributor, etc R. Kumar ;
Place of publication, distribution, etc Basel
Date of publication, distribution, etc 1984.
300 ## - PHYSICAL DESCRIPTION
Extent 223 p. :
500 ## - GENERAL NOTE
General note Includes index.
504 ## - BIBLIOGRAPHY, ETC. NOTE
Bibliography, etc Bibliography: p. 218-221.
650 #0 - SUBJECT ADDED ENTRY--TOPICAL TERM
Topical term or geographic name as entry element Tankas (Tibetan scrolls)
9 (RLIN) 20696
650 #0 - SUBJECT ADDED ENTRY--TOPICAL TERM
Topical term or geographic name as entry element Painting, Tibetan.
9 (RLIN) 20697
650 #0 - SUBJECT ADDED ENTRY--TOPICAL TERM
Topical term or geographic name as entry element Buddhist painting
Geographic subdivision China
-- Tibet Autonomous Region.
9 (RLIN) 20698
942 ## - ADDED ENTRY ELEMENTS (KOHA)
Source of classification or shelving scheme Library of Congress Classification
Koha item type Monograph ( Printed materials)
Holdings
Withdrawn status Lost status Source of classification or shelving scheme Damaged status Not for loan Collection code Home library Current library Shelving location Date acquired Total Checkouts Full call number Barcode Date last seen Price effective from Koha item type
    Library of Congress Classification     Main Collection ARRUPE LIBRARY ARRUPE LIBRARY Main Collection 28/10/2015   L ND1432.C584P3 46500005642 28/10/2015 28/10/2015 Monograph ( Printed materials)

 

Arrupe Library. PO Box MP320 Mt Pleasant, Harare, Zimbabwe
263 242 745411|librarian@aju.ac.zw